[Event "Leutersdorf Sparkasse op 10th"]
[Site "Leutersdorf"]
[Date "2006.02.19"]
[Round "7"]
[White "Ziaja, Viktoria"]
[Black "Pantlowsky, Luisa"]
[Result "1-0"]
[WhiteElo "1600"]
[BlackElo "1074"]
[PlyCount "41"]
[EventDate "2006.02.17"]
[EventType "swiss"]
[EventRounds "7"]
[EventCountry "GER"]
[SourceTitle "EXT 2007"]
[Source "ChessBase"]
[SourceDate "2006.11.23"]
[SourceVersion "1"]
[SourceVersionDate "2006.11.23"]
[SourceQuality "1"]

1. e4 e5 2. Nf3 Nc6 3. Bb5 Nf6 4. 0-0 Bc5 5. c3 d6 6. d4 Bb6 7. d5 a6 8. Ba4 Bd7 9. dxc6 bxc6 10. Re1 Ng4 11. Be3 Qf6 12. Nbd2 Qg6 13. Bxb6 cxb6 14. Nf1 b5 15. Bb3 Ke7 16. Ng3 Nf6 17. Nh4 Qg5 18. Nhf5+ Bxf5 19. Nxf5+ Ke8 20. Qxd6 Ng4 21. Qxc6+ 1-0

[Event "Leutersdorf Sparkasse op 10th"]
[Site "Leutersdorf"]
[Date "2006.02.18"]
[Round "3"]
[White "Pantlowsky, Luisa"]
[Black "Bauer, Bianca"]
[Result "0-1"]
[WhiteElo "1074"]
[BlackElo "1305"]
[PlyCount "42"]
[EventDate "2006.02.17"]
[EventType "swiss"]
[EventRounds "7"]
[EventCountry "GER"]
[SourceTitle "EXT 2007"]
[Source "ChessBase"]
[SourceDate "2006.11.23"]
[SourceVersion "1"]
[SourceVersionDate "2006.11.23"]
[SourceQuality "1"]

1. e4 e5 2. Nf3 Nc6 3. Bc4 Nf6 4. Nc3 Bc5 5. d3 d6 6. h3 Be6 7. Bb3 Qd7 8. Bg5 0-0-0 9. Nd5 Bxd5 10. Bxd5 h6 11. Bxf6 gxf6 12. c3 Bb6 13. Qb3 Rdf8 14. Nd2 a6 15. Nc4 Ba7 16. 0-0 Rhg8 17. Kh1 Rg7 18. Qa3 Rfg8 19. g4 Rxg4 20. Ne3 Rh4 21. Ng2 Qxh3+ 0-1

[Event "GER-chT U20 Girls"]
[Site "Naunhof"]
[Date "2005.12.28"]
[Round "3.3"]
[White "Reinsdorf, Christin"]
[Black "Pantlowsky, Luisa"]
[Result "1-0"]
[WhiteElo "1420"]
[BlackElo "973"]
[PlyCount "53"]
[EventDate "2005.12.27"]
[EventType "team-swiss"]
[EventRounds "7"]
[EventCountry "GER"]
[SourceTitle "CBM 110 Extra"]
[Source "ChessBase"]
[SourceDate "2006.03.10"]
[SourceVersion "2"]
[SourceVersionDate "2006.03.10"]
[SourceQuality "1"]

1. e4 e5 2. Nf3 Nc6 3. Nc3 Nf6 4. d4 exd4 5. Nd5 Nxd5 6. exd5 Ne7 7. Qxd4 Nf5 8. Qd1 Bc5 9. Bd3 d6 10. 0-0 0-0 11. Ng5 h6 12. Ne4 Bb6 13. Qf3 Ne7 14. Qg3 Kh8 15. c4 Nf5 16. Qf4 Qh4 17. Qf3 Nd4 18. Qd1 Bf5 19. Ng3 Bg4 20. Qd2 Bd7 21. b3 c6 22. Bb2 cxd5 23. cxd5 Rfe8 24. Rfe1 Qg4 25. Re4 Rxe4 26. Bxe4 Nb5 27. Qxh6+ 1-0

[Event "GER-chT U20 Girls"]
[Site "Naunhof"]
[Date "2005.12.27"]
[Round "1.3"]
[White "Leinenbach, Janine"]
[Black "Pantlowsky, Luisa"]
[Result "1-0"]
[WhiteElo "1537"]
[BlackElo "973"]
[PlyCount "45"]
[EventDate "2005.12.27"]
[EventType "team-swiss"]
[EventRounds "7"]
[EventCountry "GER"]
[SourceTitle "CBM 110 Extra"]
[Source "ChessBase"]
[SourceDate "2006.03.10"]
[SourceVersion "2"]
[SourceVersionDate "2006.03.10"]
[SourceQuality "1"]

1. c4 e5 2. Nc3 Nc6 3. g3 Nf6 4. Bg2 Bc5 5. e3 d6 6. Nge2 Be6 7. b3 0-0 8. d4 exd4 9. exd4 Bxd4 10. Nxd4 Bd7 11. 0-0 Re8 12. Nxc6 Bxc6 13. Bxc6 bxc6 14. Qf3 Qd7 15. Bf4 c5 16. Kg2 h6 17. Bxh6 gxh6 18. Qxf6 Kh7 19. Rfe1 c6 20. Rad1 Rxe1 21. Rxe1 Re8 22. Rxe8 Qxe8 23. Qxd6 1-0